ARRUPE JESUIT UNIVERSITY

CORONAVIRUS -STOP THE SPREAD - CLEAN,DISINFECT,COVER

Karunamaya : (Record no. 123591)

MARC details
000 -LEADER
fixed length control field 01069cam a2200277 a 4500
001 - CONTROL NUMBER
control field 3258923
003 - CONTROL NUMBER IDENTIFIER
control field ARRUPE
005 - DATE AND TIME OF LATEST TRANSACTION
control field 20151024115435.0
008 - FIXED-LENGTH DATA ELEMENTS--GENERAL INFORMATION
fixed length control field 890804s1980 np af b 001 0 eng
010 ## - LIBRARY OF CONGRESS CONTROL NUMBER
LC control number 80905006
020 ## - INTERNATIONAL STANDARD BOOK NUMBER
Terms of availability Rs130.00 ($15.00 U.S.)
040 ## - CATALOGING SOURCE
Original cataloging agency DLC
Transcribing agency DLC
Modifying agency DLC
043 ## - GEOGRAPHIC AREA CODE
Geographic area code a-np---
050 00 - LIBRARY OF CONGRESS CALL NUMBER
Classification number BQ4710.A84
Item number N354 1980
300 ## - PHYSICAL DESCRIPTION
Other physical details ill. (some col.) ;
Dimensions 23 cm.
100 1# - MAIN ENTRY--PERSONAL NAME
Personal name Locke, John K.
Fuller form of name (John Kerr),
Dates associated with a name 1933-2009.
9 (RLIN) 20470
245 10 - TITLE STATEMENT
Title Karunamaya :
Remainder of title the cult of Avalokitesvara-Matsyendranath in the valley of Nepal /
Statement of responsibility, etc by John K. Locke.
260 ## - PUBLICATION, DISTRIBUTION, ETC. (IMPRINT)
Place of publication, distribution, etc Kathmandu :
Name of publisher, distributor, etc Sahayogi Prakashan for Research Centre for Nepal and Asian Studies, Tribhuvan University,
Date of publication, distribution, etc 1980.
300 ## - PHYSICAL DESCRIPTION
Extent xvi, 524 p., [66] p. of plates :
500 ## - GENERAL NOTE
General note Includes index.
504 ## - BIBLIOGRAPHY, ETC. NOTE
Bibliography, etc Bibliography: p. 485-515.
650 #0 - SUBJECT ADDED ENTRY--TOPICAL TERM
Topical term or geographic name as entry element Avalokiteśvara (Buddhist deity)
General subdivision Cult
Geographic subdivision Nepal.
9 (RLIN) 20471
650 #0 - SUBJECT ADDED ENTRY--TOPICAL TERM
Topical term or geographic name as entry element Macchaghnapāda
General subdivision Cult
Geographic subdivision Nepal.
9 (RLIN) 20472
650 #0 - SUBJECT ADDED ENTRY--TOPICAL TERM
Topical term or geographic name as entry element Buddhism
Geographic subdivision Nepal
General subdivision Customs and practices.
9 (RLIN) 20473
906 ## - LOCAL DATA ELEMENT F, LDF (RLIN)
a 7
b cbc
c orignew
d 4
e ncip
f 19
g y-gencatlg
942 ## - ADDED ENTRY ELEMENTS (KOHA)
Source of classification or shelving scheme Library of Congress Classification
Koha item type Monograph ( Printed materials)
Holdings
Withdrawn status Lost status Source of classification or shelving scheme Damaged status Not for loan Home library Current library Date acquired Total Checkouts Full call number Barcode Date last seen Price effective from Koha item type
    Library of Congress Classification     ARRUPE LIBRARY ARRUPE LIBRARY 24/10/2015   BQ4710.A84 N354 1980 46500005258 15/11/2016 24/10/2015 Monograph ( Printed materials)

 

Arrupe Library. PO Box MP320 Mt Pleasant, Harare, Zimbabwe
263 242 745411|librarian@aju.ac.zw